[Event "8. Wunsiedel Schach-Festival Meisterturn"]
[Site "Wunsiedel"]
[Date "2014.05.29"]
[Round "2.7"]
[White "Wisnet, Dominic"]
[Black "Miezis, Normunds"]
[Result "0-1"]
[WhiteElo "2189"]
[BlackElo "2564"]
[PlyCount "64"]
[EventDate "2014.05.29"]

1. e4 c5 2. Nf3 e6 3. d4 cxd4 4. Nxd4 a6 5. Nc3 Qc7 6. Be2 b5 7. f4 Bb7 8. Bf3
b4 9. Nce2 Nf6 10. e5 Ne4 11. Ng3 Nxg3 12. hxg3 Nc6 13. Nb3 Ne7 14. Qd3 Nd5 15.
Bd2 g6 16. a3 Rc8 17. Be4 bxa3 18. bxa3 Nb6 19. Bxb7 Qxb7 20. O-O Nc4 21. Bb4
Qb6+ 22. Kh2 Ne3 23. Nd2 Bxb4 24. axb4 O-O 25. Ne4 Nxf1+ 26. Rxf1 Qxb4 27. f5
exf5 28. Rxf5 Kg7 29. Qe3 h6 30. Nd6 Rxc2 31. Rh5 Qd2 32. Qf3 Qxg2+ 0-1

[Event "8. Wunsiedel Schach-Festival Meisterturn"]
[Site "Wunsiedel"]
[Date "2014.05.29"]
[Round "2.8"]
[White "Van Den Doel, Erik"]
[Black "Kleibel, Uwe"]
[Result "1-0"]
[WhiteElo "2551"]
[BlackElo "2183"]
[PlyCount "111"]
[EventDate "2014.05.29"]

1. e4 d6 2. d4 Nf6 3. f3 e5 4. d5 Be7 5. Be3 O-O 6. Qd2 c6 7. c4 cxd5 8. cxd5
Nh5 9. Nc3 h6 10. Nge2 Bg5 11. g3 Bxe3 12. Qxe3 a6 13. h4 Nf6 14. a4 a5 15. g4
h5 16. g5 Ne8 17. Nc1 g6 18. Be2 Nd7 19. Nd3 Qb6 20. Qxb6 Nxb6 21. b3 Bd7 22.
Kd2 Nc7 23. Nb2 Na6 24. Bxa6 bxa6 25. Ne2 f5 26. gxf6 Rxf6 27. Ng1 Raf8 28. Rc1
Rc8 29. Rxc8+ Bxc8 30. Ke3 Rf7 31. Ne2 Rc7 32. Rc1 Rxc1 33. Nxc1 Kf7 34. f4
exf4+ 35. Kxf4 Kf6 36. Ne2 Bb7 37. Nc4 Nxc4 38. bxc4 Bc8 39. Nd4 Bd7 40. Nc6
Be8 41. Nxa5 Bxa4 42. Nb7 Ke7 43. c5 dxc5 44. Nxc5 Bb5 45. e5 a5 46. d6+ Ke8
47. e6 a4 48. d7+ Ke7 49. Nb7 Bxd7 50. exd7 Kxd7 51. Nc5+ Ke7 52. Nxa4 Kf6 53.
Nc3 g5+ 54. hxg5+ Kg6 55. Nd5 h4 56. Kg4 1-0

[Event "8. Wunsiedel Schach-Festival Meisterturn"]
[Site "Wunsiedel"]
[Date "2014.05.29"]
[Round "2.9"]
[White "Großhans, Ralf-Michael"]
[Black "Stocek, Jiri"]
[Result "0-1"]
[WhiteElo "2152"]
[BlackElo "2540"]
[PlyCount "66"]
[EventDate "2014.05.29"]

1. e4 c5 2. Nc3 Nc6 3. f4 e6 4. Nf3 Nge7 5. d4 cxd4 6. Nxd4 Nxd4 7. Qxd4 Nc6 8.
Qf2 d5 9. a3 Be7 10. Bd3 Bh4 11. g3 Bf6 12. e5 Be7 13. Bd2 a6 14. h4 Bd7 15. h5
Rc8 16. O-O O-O 17. Kh2 f6 18. exf6 Rxf6 19. Qg2 Bd6 20. f5 Qe8 21. Be2 Nd4 22.
Bg4 Nxf5 23. Bxf5 exf5 24. Qxd5+ Kh8 25. Qf3 Bc6 26. Qd1 Rd8 27. Bg5 Bxg3+ 28.
Kxg3 Rxd1 29. Raxd1 Qb8+ 30. Bf4 Qg8 31. Rfe1 h6 32. Be5 f4+ 33. Bxf4 Qf7 0-1

[Event "8. Wunsiedel Schach-Festival Meisterturn"]
[Site "Wunsiedel"]
[Date "2014.05.29"]
[Round "2.10"]
[White "Halkias, Stelios"]
[Black "Lodici, Lorenzo"]
[Result "1-0"]
[WhiteElo "2530"]
[BlackElo "2134"]
[PlyCount "63"]
[EventDate "2014.05.29"]

1. e4 c5 2. Nf3 Nc6 3. Bb5 d6 4. O-O Bd7 5. Re1 Nf6 6. c3 a6 7. Bf1 Bg4 8. h3
Bxf3 9. Qxf3 g6 10. d3 Bg7 11. Be3 O-O 12. Nd2 b5 13. a3 Nd7 14. Qd1 a5 15. Nf3
b4 16. d4 bxc3 17. bxc3 Qc7 18. Rb1 Rab8 19. Qc2 e5 20. dxc5 Nxc5 21. Bxc5 dxc5
22. Bc4 Bh6 23. g3 Kg7 24. Kg2 Ne7 25. Red1 Rfd8 26. Rxd8 Rxd8 27. Qb3 Nc8 28.
Qb8 Rd7 29. Nxe5 Re7 30. Nxf7 Qxb8 31. Rxb8 Rxe4 32. Bd5 1-0

[Event "8. Wunsiedel Schach-Festival Meisterturn"]
[Site "Wunsiedel"]
[Date "2014.05.29"]
[Round "2.11"]
[White "Wolf, Christoph"]
[Black "Meister, Jakob"]
[Result "0-1"]
[WhiteElo "2128"]
[BlackElo "2476"]
[PlyCount "56"]
[EventDate "2014.05.29"]

1. e4 c5 2. Nf3 e6 3. b3 Nf6 4. e5 Nd5 5. g3 Nc6 6. Bg2 g5 7. Bb2 Bg7 8. Na3 g4
9. Nh4 Bxe5 10. Bxe5 Nxe5 11. Nc4 Nxc4 12. bxc4 Nf6 13. O-O d6 14. Rb1 Rb8 15.
d4 cxd4 16. Qxd4 b6 17. Bc6+ Ke7 18. Rfe1 e5 19. f4 gxf3 20. Nxf3 Ng4 21. h3
Be6 22. Qd2 Nf6 23. Nxe5 dxe5 24. Qg5 Qd4+ 25. Kh1 e4 26. Rb4 Rhg8 27. Qh4 Qc3
28. Rf1 Rg6 0-1

[Event "8. Wunsiedel Schach-Festival Meisterturn"]
[Site "Wunsiedel"]
[Date "2014.05.29"]
[Round "2.12"]
[White "Maiwald, Jens-Uwe"]
[Black "Urban, Lars"]
[Result "1-0"]
[WhiteElo "2474"]
[BlackElo "2119"]
[PlyCount "47"]
[EventDate "2014.05.29"]

1. e4 e6 2. d3 d5 3. Qe2 Ne7 4. Nf3 c5 5. h4 h5 6. c3 Nbc6 7. Na3 b6 8. g3 Ba6
9. Bg5 dxe4 10. Qxe4 Qd5 11. O-O-O O-O-O 12. Qxd5 Rxd5 13. Nc4 Bxc4 14. dxc4
Rxd1+ 15. Kxd1 Ng6 16. Bd2 Be7 17. Ng5 Nge5 18. Be2 Rd8 19. f4 Nd3 20. Kc2 Bxg5
21. hxg5 Nxb2 22. Bc1 Na4 23. Kb3 b5 24. cxb5 1-0

[Event "8. Wunsiedel Schach-Festival Meisterturn"]
[Site "Wunsiedel"]
[Date "2014.05.29"]
[Round "2.13"]
[White "Rambaldi, Francesco"]
[Black "Walter, Thomas"]
[Result "1-0"]
[WhiteElo "2413"]
[BlackElo "2114"]
[PlyCount "107"]
[EventDate "2014.05.29"]

1. e4 e5 2. Nf3 Nc6 3. Nc3 Nf6 4. Bb5 Bb4 5. O-O O-O 6. d3 Nd4 7. Nxd4 exd4 8.
Ne2 c6 9. Bc4 d5 10. exd5 cxd5 11. Bb3 Bd6 12. Nxd4 a5 13. a4 Bb8 14. Ne2 Re8
15. Bf4 Rxe2 16. Bxb8 Bg4 17. f3 Qb6+ 18. d4 Re4 19. Bg3 Rxd4 20. Bf2 Rxd1 21.
Bxb6 Rxa1 22. Rxa1 Be6 23. Rd1 Nd7 24. Be3 Ne5 25. Bc1 Kf8 26. f4 Nc4 27. f5
Bxf5 28. Rxd5 Be6 29. Bxc4 Rc8 30. b3 Bxd5 31. Ba3+ Ke8 32. Bxd5 Rxc2 33. Bxb7
f5 34. Bd5 Kd7 35. h4 g6 36. Bf8 Rc8 37. Bh6 Kd6 38. Bc4 Ke5 39. Bd2 Ra8 40.
Kf2 Ke4 41. Bb5 Kd4 42. Kf3 Ke5 43. Bc3+ Kd5 44. Kf4 Ra7 45. Bc4+ Kc5 46. Bd2
Ra8 47. Bc3 Ra7 48. Kg5 Kd6 49. Kh6 Kc5 50. Bg7 Rd7 51. g3 Rd2 52. Kxh7 Rh2 53.
Bh6 f4 54. Bxf4 1-0

[Event "8. Wunsiedel Schach-Festival Meisterturn"]
[Site "Wunsiedel"]
[Date "2014.05.29"]
[Round "2.14"]
[White "Hecht, Carsten"]
[Black "Baldauf, Marco"]
[Result "1/2-1/2"]
[WhiteElo "2121"]
[BlackElo "2407"]
[PlyCount "58"]
[EventDate "2014.05.29"]

1. e4 e6 2. d4 d5 3. Nc3 Bb4 4. e5 c5 5. Qg4 Ne7 6. dxc5 Nbc6 7. Bd2 O-O 8. Bd3
f5 9. exf6 Rxf6 10. O-O-O h6 11. Qh5 Bxc5 12. g4 Nb4 13. Be2 Bd7 14. a3 Nbc6
15. g5 Be8 16. Qh3 hxg5 17. Bxg5 Rf5 18. f4 Qa5 19. Bg4 Bg6 20. Nge2 b5 21.
Bxe7 Bxe7 22. Qe3 Kf7 23. Rhe1 b4 24. Ng3 bxc3 25. Nxf5 cxb2+ 26. Kb1 Qxa3 27.
Qxa3 Bxa3 28. Nh4 Be4 29. Nf3 Be7 1/2-1/2

[Event "8. Wunsiedel Schach-Festival Meisterturn"]
[Site "Wunsiedel"]
[Date "2014.05.29"]
[Round "2.15"]
[White "Lampert, Jonas"]
[Black "Röhl, Rainer"]
[Result "1-0"]
[WhiteElo "2397"]
[BlackElo "2103"]
[PlyCount "67"]
[EventDate "2014.05.29"]

1. e4 c5 2. Nf3 g6 3. d4 cxd4 4. Nxd4 Nc6 5. Nc3 Bg7 6. Be3 Nf6 7. Bc4 O-O 8.
Bb3 a5 9. O-O d6 10. Ndb5 Ng4 11. Bg5 Bf6 12. Bc1 Bg7 13. a4 Nf6 14. f4 Qb6+
15. Kh1 Bg4 16. Qe1 Be6 17. Nd5 Qd8 18. c3 Nb8 19. Nbc7 Bxd5 20. Nxd5 Nbd7 21.
f5 Ne5 22. Bg5 Nxd5 23. Bxd5 Qd7 24. Qh4 Rae8 25. Rf4 b5 26. axb5 Qxb5 27. Bxe7
Rxe7 28. Qxe7 Qxb2 29. Raf1 Bh6 30. R4f2 Qb5 31. fxg6 Nxg6 32. Qxd6 Kh8 33.
Bxf7 Ne5 34. Qxh6 1-0

[Event "8. Wunsiedel Schach-Festival Meisterturn"]
[Site "Wunsiedel"]
[Date "2014.05.29"]
[Round "2.16"]
[White "Hartung, Thomas"]
[Black "Seyb, Alexander"]
[Result "0-1"]
[WhiteElo "2109"]
[BlackElo "2383"]
[PlyCount "94"]
[EventDate "2014.05.29"]

1. e4 e5 2. Nf3 Nc6 3. Bc4 Bc5 4. c3 Nf6 5. d4 exd4 6. cxd4 Bb4+ 7. Bd2 Nxe4 8.
Bxb4 Nxb4 9. Bxf7+ Kxf7 10. Qb3+ d5 11. Ne5+ Ke6 12. Qxb4 Qf8 13. Qxf8 Rxf8 14.
O-O Kd6 15. f3 Ng5 16. Nc3 Ne6 17. Rad1 c6 18. Rfe1 g5 19. Re3 Bd7 20. Ne2 Rae8
21. Kf2 Bc8 22. Nd3 b6 23. g3 Ba6 24. Nb4 Bb7 25. Nc2 h5 26. h4 g4 27. f4 Ng7
28. Re5 Ba6 29. Ne3 Bxe2 30. Kxe2 Rxe5 31. dxe5+ Ke6 32. b4 Rd8 33. Rc1 Rc8 34.
Kd3 c5 35. bxc5 bxc5 36. Rb1 d4 37. Nc4 Nf5 38. Rb7 Nxg3 39. Rxa7 Rf8 40. Ra6+
Kf5 41. e6 Ne4 42. Ra7 Rg8 43. e7 g3 44. Ne5 g2 45. Nf3 Kxf4 46. e8=Q Rxe8 47.
Rf7+ Kg3 0-1

[Event "8. Wunsiedel Schach-Festival Meisterturn"]
[Site "Wunsiedel"]
[Date "2014.05.29"]
[Round "2.17"]
[White "Schmidt, Raul"]
[Black "Brem, Stephan"]
[Result "1-0"]
[WhiteElo "2356"]
[BlackElo "2090"]
[PlyCount "73"]
[EventDate "2014.05.29"]

1. Nf3 g6 2. c4 Bg7 3. e4 c5 4. d4 cxd4 5. Nxd4 Nc6 6. Be3 Qb6 7. Nb5 Qa5+ 8.
Bd2 Qd8 9. Bc3 Nf6 10. Nd2 a6 11. Na3 O-O 12. Be2 e6 13. c5 d5 14. cxd6 Qxd6
15. Nac4 Qc7 16. Rc1 b5 17. Na5 Nxa5 18. Bxf6 Qf4 19. Bxg7 Kxg7 20. b4 Nc4 21.
Nxc4 bxc4 22. Rxc4 Bb7 23. Qd2 Qe5 24. f3 a5 25. Rc5 Qa1+ 26. Rc1 Qe5 27. b5
Rfd8 28. Qc3 Rd4 29. O-O Rad8 30. Rcd1 f6 31. Rxd4 Rxd4 32. Rc1 Kh6 33. Qc5 Bd5
34. Qf8+ Kg5 35. h4+ Kf4 36. Kf2 Bxe4 37. Qh6+ 1-0

[Event "8. Wunsiedel Schach-Festival Meisterturn"]
[Site "Wunsiedel"]
[Date "2014.05.29"]
[Round "2.18"]
[White "Wunder, Stefan"]
[Black "Troyke, Christian"]
[Result "0-1"]
[WhiteElo "2102"]
[BlackElo "2332"]
[PlyCount "118"]
[EventDate "2014.05.29"]

1. Nf3 Nf6 2. g3 g6 3. b3 Bg7 4. Bb2 O-O 5. Bg2 d6 6. d4 Nbd7 7. O-O e5 8. dxe5
Ng4 9. c4 dxe5 10. e4 c6 11. h3 Nh6 12. Qe2 f6 13. Rd1 Qb6 14. Nc3 Nf7 15. Bc1
Re8 16. Be3 Qa5 17. Qb2 Bf8 18. a3 Qc7 19. b4 Nb6 20. Bf1 Be6 21. Nd2 Rad8 22.
Rac1 Qc8 23. Kh2 Rd7 24. c5 Na8 25. b5 Red8 26. b6 axb6 27. cxb6 Ng5 28. Bxg5
fxg5 29. Nd5 Rf7 30. Nb3 Qb8 31. Ne3 Nxb6 32. Na5 Rxd1 33. Nxd1 Na4 34. Qd2 Nc5
35. Qe3 Qd8 36. Nc4 Nd7 37. Qc3 Qc7 38. Rc2 g4 39. hxg4 Bxg4 40. Nde3 Be6 41.
Qd2 Nc5 42. Bg2 b5 43. Na5 Rd7 44. Qe1 Rd4 45. Qc3 Rd3 46. Qb2 Na4 47. Qb1 Qxa5
48. Rxc6 Rd6 49. Qc1 Qd8 50. Rc7 Nb6 51. Rc5 Nc4 52. Rxb5 Nxe3 53. Qxe3 Rd3 54.
Qe1 Qd4 55. Rb8 Rxa3 56. Qc1 Qd6 57. Qb2 Ra2 58. Qb5 Rxf2 59. Rb6 Qd2 0-1

[Event "8. Wunsiedel Schach-Festival Meisterturn"]
[Site "Wunsiedel"]
[Date "2014.05.29"]
[Round "2.19"]
[White "Buckels, Valentin"]
[Black "Stips, Felix"]
[Result "0-1"]
[WhiteElo "2100"]
[BlackElo "2312"]
[PlyCount "84"]
[EventDate "2014.05.29"]

1. d4 d5 2. c4 dxc4 3. e3 Nf6 4. Bxc4 a6 5. Nf3 e6 6. O-O Nbd7 7. a4 b6 8. Nc3
Bb7 9. Qe2 Bb4 10. Rd1 Qe7 11. Bd3 e5 12. e4 O-O 13. d5 c6 14. dxc6 Bxc6 15.
Bg5 h6 16. Bh4 Bxc3 17. bxc3 Nc5 18. a5 b5 19. Qe3 Na4 20. Rdc1 Qe6 21. Bxf6
Qxf6 22. c4 Rfb8 23. Bc2 Nb2 24. c5 Nc4 25. Qc3 Qe7 26. Bd3 Qxc5 27. Bxc4 bxc4
28. Qxc4 Qxc4 29. Rxc4 Bb5 30. Rc7 Rc8 31. Re7 Rc4 32. Rxe5 Rac8 33. h4 f6 34.
Re7 Kf8 35. Rb7 Rxe4 36. Ra2 Rg4 37. Kh2 h5 38. Rb6 Rc3 39. g3 Bc4 40. Rb8+ Kf7
41. Rb7+ Kg8 42. Rb8+ Kh7 0-1

[Event "8. Wunsiedel Schach-Festival Meisterturn"]
[Site "Wunsiedel"]
[Date "2014.05.29"]
[Round "2.20"]
[White "Poulsen, Klaus E"]
[Black "Schulz, Karsten"]
[Result "0-1"]
[WhiteElo "2086"]
[BlackElo "2282"]
[PlyCount "72"]
[EventDate "2014.05.29"]

1. e4 g6 2. d4 Bg7 3. Nc3 d6 4. Be2 Nf6 5. g4 d5 6. e5 Ne4 7. Qd3 c5 8. dxc5
Nxc3 9. bxc3 Bxe5 10. Bh6 Qa5 11. Qb5+ Qxb5 12. Bxb5+ Bd7 13. Bxd7+ Nxd7 14.
O-O-O e6 15. Ne2 Nxc5 16. f4 Bf6 17. f5 Ne4 18. fxe6 fxe6 19. Rhf1 Rc8 20. Rd3
Ke7 21. Rdf3 Bg5+ 22. Bxg5+ Nxg5 23. Re3 Rhf8 24. Rd1 Ne4 25. Rd4 Rf1+ 26. Kb2
Nd6 27. Rh3 Nc4+ 28. Rxc4 Rxc4 29. Rxh7+ Rf7 30. Rh8 Rxg4 31. Rb8 Rg2 32. Nd4
e5 33. Nb5 Rxh2 34. Rxb7+ Kf6 35. Rb8 g5 36. Nd6 Rd7 0-1

[Event "8. Wunsiedel Schach-Festival Meisterturn"]
[Site "Wunsiedel"]
[Date "2014.05.29"]
[Round "2.21"]
[White "Hilverda, Alexander"]
[Black "Spitzl, Philipp"]
[Result "1-0"]
[WhiteElo "2273"]
[BlackElo "2086"]
[PlyCount "49"]
[EventDate "2014.05.29"]

1. Nf3 Nf6 2. c4 e6 3. Nc3 d5 4. d4 Be7 5. Bf4 O-O 6. e3 c5 7. dxc5 Bxc5 8. a3
a6 9. Qc2 dxc4 10. Bxc4 b5 11. Be2 Qb6 12. O-O Bb7 13. a4 b4 14. a5 Qa7 15. Na4
Nbd7 16. Nxc5 Nxc5 17. Be5 Rfc8 18. Bd4 Be4 19. Qc4 Rab8 20. Rfc1 Nfd7 21. Ne5
Bd5 22. Qxa6 Nxa6 23. Bxa7 Nxe5 24. Bxb8 Rxb8 25. Bxa6 1-0

[Event "8. Wunsiedel Schach-Festival Meisterturn"]
[Site "Wunsiedel"]
[Date "2014.05.29"]
[Round "2.22"]
[White "Meyer, Peter"]
[Black "Schirm, Friedmar"]
[Result "0-1"]
[WhiteElo "2085"]
[BlackElo "2272"]
[PlyCount "64"]
[EventDate "2014.05.29"]

1. e4 c5 2. d3 Nc6 3. f4 g6 4. Nf3 Bg7 5. c3 d5 6. Be2 e6 7. O-O Nge7 8. Nbd2
b6 9. Qe1 Ba6 10. Nh4 dxe4 11. dxe4 Bxe2 12. Qxe2 O-O 13. f5 exf5 14. exf5 Nd5
15. Qf3 Qxh4 16. Qxd5 Ne7 17. Nf3 Qf6 18. Qb7 Nxf5 19. Bg5 Qe6 20. Rfe1 Qc8 21.
Qd5 h6 22. Bf4 Rd8 23. Qc4 Qc6 24. Ne5 Qe6 25. Qf1 Re8 26. Rad1 Qxa2 27. g4 Nh4
28. Rd7 Bxe5 29. Bxe5 Qe6 30. Rd3 Qxg4+ 31. Kh1 Nf5 32. Qe2 Rxe5 0-1

[Event "8. Wunsiedel Schach-Festival Meisterturn"]
[Site "Wunsiedel"]
[Date "2014.05.29"]
[Round "2.23"]
[White "Maurer, Jochen"]
[Black "Ahlberg, Mario"]
[Result "1-0"]
[WhiteElo "2269"]
[BlackElo "2023"]
[PlyCount "62"]
[EventDate "2014.05.29"]

1. e4 Nf6 2. e5 Nd5 3. d4 d6 4. Nf3 g6 5. Bc4 Nb6 6. Bb3 Bg7 7. Qe2 Nc6 8. O-O
dxe5 9. dxe5 Nd4 10. Nxd4 Qxd4 11. Re1 Be6 12. Nd2 Bxb3 13. axb3 O-O 14. Nf3
Qd7 15. Qe4 Qc8 16. Qh4 f6 17. Bh6 Re8 18. Bxg7 Kxg7 19. Rad1 c5 20. Rd3 Qc6
21. c4 a5 22. Rde3 f5 23. e6 Rad8 24. Ng5 h5 25. Nf7 Rd4 26. Qg5 Rg4 27. Qh6+
Kf6 28. f3 Rd4 29. Ne5 Rg8 30. Nxc6 bxc6 31. Qh7 Rf8 1-0

[Event "8. Wunsiedel Schach-Festival Meisterturn"]
[Site "Wunsiedel"]
[Date "2014.05.29"]
[Round "2.24"]
[White "Röttig, Hans-Peter"]
[Black "Schmid, Roland (NT)"]
[Result "0-1"]
[WhiteElo "2084"]
[BlackElo "2243"]
[PlyCount "80"]
[EventDate "2014.05.29"]

1. e4 c5 2. d4 cxd4 3. c3 Nf6 4. e5 Nd5 5. Nf3 e6 6. cxd4 d6 7. a3 Bd7 8. Bd3
Bc6 9. Qe2 Nd7 10. O-O dxe5 11. dxe5 Qb6 12. b4 a6 13. Bd2 g6 14. Nc3 Nxc3 15.
Bxc3 Bg7 16. Rfe1 O-O 17. h4 Rac8 18. Bb2 Qc7 19. Ng5 Rfd8 20. f4 Nb6 21. h5
Nd5 22. g3 Qb6+ 23. Kh2 Ne7 24. Rad1 Nf5 25. g4 Ne7 26. Rf1 Nd5 27. hxg6 hxg6
28. f5 Qe3 29. fxe6 Qxg5 30. exf7+ Kf8 31. Kg3 Ne3 32. e6 Bxb2 33. e7+ Qxe7 34.
Qxb2 Nxf1+ 35. Bxf1 Rxd1 36. Qh8+ Kxf7 37. Bc4+ Bd5 38. Qh7+ Ke8 39. Qxg6+ Kd8
40. Qb6+ Qc7+ 0-1

[Event "8. Wunsiedel Schach-Festival Meisterturn"]
[Site "Wunsiedel"]
[Date "2014.05.29"]
[Round "2.25"]
[White "Rusche, Johannes"]
[Black "Hebbering, Tom Elliot"]
[Result "1/2-1/2"]
[WhiteElo "2241"]
[BlackElo "2007"]
[PlyCount "85"]
[EventDate "2014.05.29"]

1. e4 e5 2. Nf3 Nc6 3. Bb5 a6 4. Ba4 Nf6 5. O-O Be7 6. Re1 b5 7. Bb3 d6 8. c3
O-O 9. h3 Na5 10. Bc2 c5 11. d4 Qc7 12. Nbd2 Rd8 13. b3 Nc6 14. d5 Nb8 15. a4
Qb7 16. Qe2 Bd7 17. Bd3 b4 18. a5 Bb5 19. Nc4 Nbd7 20. Bd2 Nf8 21. Rab1 Bxc4
22. bxc4 b3 23. Rb2 Rdb8 24. Ra1 Qc7 25. Qf1 Ng6 26. g3 Rb7 27. Ra3 Rab8 28.
Be3 Bd8 29. Nd2 Qc8 30. Kh2 Bc7 31. Be2 Qd8 32. Qa1 h6 33. Bd1 Qe7 34. Rbxb3
Rxb3 35. Bxb3 Qd8 36. Bc2 Nd7 37. Ba4 Nf6 38. Bc2 Nd7 39. Rb3 Rxb3 40. Nxb3 Ne7
41. Qa4 Nf6 42. Kg2 Qd7 43. Qa1 1/2-1/2

[Event "8. Wunsiedel Schach-Festival Meisterturn"]
[Site "Wunsiedel"]
[Date "2014.05.30"]
[Round "3.5"]
[White "Vovk, Andrey"]
[Black "Schmidt, Raul"]
[Result "1/2-1/2"]
[WhiteElo "2622"]
[BlackElo "2356"]
[PlyCount "42"]
[EventDate "2014.05.29"]

1. e4 e5 2. Nf3 Nf6 3. Nxe5 d6 4. Nf3 Nxe4 5. d4 d5 6. Bd3 Be7 7. O-O O-O 8. c4
Nc6 9. cxd5 Qxd5 10. Re1 Bf5 11. Qe2 Nf6 12. Nc3 Bxd3 13. Qxd3 Qd7 14. Bg5 h6
15. Bh4 Nb4 16. Qc4 g5 17. Bg3 Nc2 18. Rxe7 Qxe7 19. Rc1 Ne3 20. Qd3 Ned5 21.
Re1 Qd7 1/2-1/2

[Event "8. Wunsiedel Schach-Festival Meisterturn"]
[Site "Wunsiedel"]
[Date "2014.05.30"]
[Round "3.6"]
[White "Stips, Felix"]
[Black "Kunin, Vitaly"]
[Result "0-1"]
[WhiteElo "2312"]
[BlackElo "2572"]
[PlyCount "50"]
[EventDate "2014.05.29"]

1. Nf3 Nf6 2. c4 e6 3. Nc3 Bb4 4. g4 h6 5. Rg1 Nc6 6. h4 d5 7. g5 hxg5 8. hxg5
Ne4 9. Qc2 Nxc3 10. dxc3 Bd6 11. cxd5 exd5 12. Be3 Ne7 13. O-O-O c5 14. Bg2 Qa5
15. Rh1 Rxh1 16. Rxh1 Bf5 17. Qd1 O-O-O 18. a3 Kb8 19. Qd2 Qa4 20. Nh4 Be6 21.
Qc2 Qb5 22. Bh3 Bxh3 23. Rxh3 d4 24. Bd2 Qxe2 25. Rf3 Ng6 0-1

[Event "8. Wunsiedel Schach-Festival Meisterturn"]
[Site "Wunsiedel"]
[Date "2014.05.30"]
[Round "3.7"]
[White "Miezis, Normunds"]
[Black "Schulz, Karsten"]
[Result "1-0"]
[WhiteElo "2564"]
[BlackElo "2282"]
[PlyCount "61"]
[EventDate "2014.05.29"]

1. c4 g6 2. Nc3 Bg7 3. g3 c5 4. Bg2 Nc6 5. d3 e6 6. e4 Nge7 7. Nge2 d6 8. O-O
O-O 9. Be3 Nd4 10. Qd2 Re8 11. Bh6 Bh8 12. Nxd4 Bxd4 13. Kh1 Nc6 14. f4 f5 15.
Rae1 a6 16. Bf3 Bd7 17. exf5 gxf5 18. g4 fxg4 19. Bg5 Bf6 20. Bxg4 Nd4 21. Bh3
Bxg5 22. fxg5 Rf8 23. Bg2 Bc6 24. Ne4 Rxf1+ 25. Rxf1 Bxe4 26. Bxe4 Qe7 27. g6
Rf8 28. Rg1 Nf5 29. Bxf5 Rxf5 30. Qh6 Kh8 31. g7+ 1-0

[Event "8. Wunsiedel Schach-Festival Meisterturn"]
[Site "Wunsiedel"]
[Date "2014.05.30"]
[Round "3.9"]
[White "Stocek, Jiri"]
[Black "Hilverda, Alexander"]
[Result "1-0"]
[WhiteElo "2540"]
[BlackElo "2273"]
[PlyCount "163"]
[EventDate "2014.05.29"]

1. c4 g6 2. d4 Bg7 3. e4 d6 4. Nc3 Nc6 5. d5 Ne5 6. f4 Nd7 7. Nf3 Nc5 8. e5 Nh6
9. Be3 O-O 10. h3 c6 11. g4 cxd5 12. cxd5 Qa5 13. Nd2 Bd7 14. Nc4 Qc7 15. a4
Nxa4 16. Nxa4 b5 17. Ncb6 axb6 18. Rc1 Qa7 19. Nxb6 dxe5 20. fxe5 Bxe5 21. Qb3
Bg3+ 22. Kd1 Bxg4+ 23. hxg4 Nxg4 24. Be2 Nf2+ 25. Bxf2 Bxf2 26. Nxa8 Rxa8 27.
Bxb5 Qd4+ 28. Ke2 Bh4 29. Rxh4 Qxh4 30. Bc6 Qh2+ 31. Kd1 Rb8 32. Qc2 Rxb2 33.
Qxh2 Rxh2 34. Rc3 f5 35. Bb5 Kf7 36. Rc6 Rh4 37. Ke2 Re4+ 38. Kd3 h5 39. Rc7
Kf8 40. Rc8+ Kg7 41. Be8 Kf6 42. Rc6+ Ke5 43. Bxg6 Kxd5 44. Ra6 e6 45. Bxh5 Ke5
46. Ra5+ Kf4 47. Be8 Re3+ 48. Kd2 e5 49. Bd7 Re4 50. Kc3 Rd4 51. Bc6 Rd6 52.
Bd5 Rh6 53. Kc4 Rh2 54. Be6 Rc2+ 55. Kd3 Rc6 56. Bd5 Rh6 57. Ra1 Rh3+ 58. Kc4
e4 59. Ra5 Rh6 60. Kd4 Rb6 61. Ra1 Rb4+ 62. Bc4 Rb8 63. Rf1+ Kg5 64. Ke5 Rf8
65. Rg1+ Kh4 66. Kf4 Kh3 67. Be6 Kh2 68. Rg5 Re8 69. Rg6 Re7 70. Ke3 Ra7 71.
Bxf5 Ra3+ 72. Kf4 Rf3+ 73. Kxe4 Rg3 74. Bg4 Kg1 75. Kf4 Kf2 76. Re6 Ra3 77.
Re2+ Kf1 78. Bf3 Ra7 79. Rb2 Ke1 80. Kg3 Rg7+ 81. Bg4 Re7 82. Kf4 {
1-0 im 85. Zug} 1-0

[Event "8. Wunsiedel Schach-Festival Meisterturn"]
[Site "Wunsiedel"]
[Date "2014.05.30"]
[Round "3.10"]
[White "Schmid, Roland (NT)"]
[Black "Halkias, Stelios"]
[Result "0-1"]
[WhiteElo "2243"]
[BlackElo "2530"]
[PlyCount "56"]
[EventDate "2014.05.29"]

1. Nf3 e6 2. c4 f5 3. g3 Nf6 4. Bg2 Be7 5. O-O O-O 6. Nc3 d6 7. d4 Ne4 8. Nxe4
fxe4 9. Nd2 d5 10. f3 Nc6 11. e3 exf3 12. Nxf3 Bf6 13. Bd2 a5 14. Rc1 Kh8 15.
Ne1 dxc4 16. Rxc4 e5 17. d5 Ne7 18. e4 c6 19. Be3 cxd5 20. exd5 Nf5 21. Bc5 Be7
22. Bxe7 Qxe7 23. Qc1 Bd7 24. Rc7 Nd4 25. Qe3 Rxf1+ 26. Bxf1 Rf8 27. Bg2 Qd6
28. Rxb7 Bc8 0-1

[Event "8. Wunsiedel Schach-Festival Meisterturn"]
[Site "Wunsiedel"]
[Date "2014.05.30"]
[Round "3.11"]
[White "Meister, Jakob"]
[Black "Maurer, Jochen"]
[Result "1/2-1/2"]
[WhiteElo "2476"]
[BlackElo "2269"]
[PlyCount "68"]
[EventDate "2014.05.29"]

1. d4 d5 2. c4 e6 3. Nc3 c5 4. cxd5 exd5 5. Nf3 Nc6 6. Bf4 Nf6 7. e3 c4 8. Be2
Bb4 9. O-O Bxc3 10. bxc3 O-O 11. Nd2 Re8 12. Bf3 Bf5 13. Bg5 a5 14. Bxf6 gxf6
15. a3 b5 16. Re1 Re6 17. e4 dxe4 18. Bxe4 Bxe4 19. Nxe4 f5 20. Ng3 Rxe1+ 21.
Qxe1 f4 22. Ne4 Qe7 23. Qb1 Re8 24. Nd2 b4 25. axb4 axb4 26. Nf3 bxc3 27. Qc1
c2 28. Qxf4 Rb8 29. Rc1 Rb1 30. h4 Qa3 31. Qg4+ Kf8 32. Qc8+ Kg7 33. Qg4+ Kf8
34. Qc8+ Kg7 1/2-1/2

[Event "8. Wunsiedel Schach-Festival Meisterturn"]
[Site "Wunsiedel"]
[Date "2014.05.30"]
[Round "3.12"]
[White "Schelle, Artur"]
[Black "Maiwald, Jens-Uwe"]
[Result "0-1"]
[WhiteElo "2237"]
[BlackElo "2474"]
[PlyCount "64"]
[EventDate "2014.05.29"]

1. e4 d6 2. d4 Nf6 3. Nc3 g6 4. Be3 a6 5. f3 Nbd7 6. Qd2 b5 7. g4 h6 8. h4 Nb6
9. Nh3 h5 10. g5 Nfd7 11. O-O-O Bg7 12. Rg1 Bb7 13. Nf4 Rc8 14. Kb1 c5 15. dxc5
Nxc5 16. Nfd5 Bxd5 17. Nxd5 Nxd5 18. Qxd5 Na4 19. Bd4 Bxd4 20. Qxd4 O-O 21. Rg2
Rc5 22. Rgd2 Qc8 23. Bd3 Qh3 24. Qf2 f6 25. Bf1 Qe6 26. f4 fxg5 27. hxg5 Qxe4
28. Rd4 Rxf4 29. Rxe4 Rxf2 30. Bd3 Kf7 31. Rde1 e5 32. R4e2 Rf4 0-1

[Event "8. Wunsiedel Schach-Festival Meisterturn"]
[Site "Wunsiedel"]
[Date "2014.05.30"]
[Round "3.13"]
[White "Baldauf, Marco"]
[Black "Ott, Florian"]
[Result "1/2-1/2"]
[WhiteElo "2407"]
[BlackElo "2133"]
[PlyCount "58"]
[EventDate "2014.05.29"]

1. d4 Nf6 2. c4 e6 3. g3 c5 4. d5 exd5 5. cxd5 d6 6. Nc3 g6 7. Nf3 Bg7 8. Bg2
O-O 9. O-O Re8 10. Bf4 Ne4 11. Nxe4 Rxe4 12. Nd2 Rb4 13. b3 Bxa1 14. Qxa1 Rxf4
15. gxf4 Nd7 16. Ne4 Qe7 17. Qc3 f5 18. Ng3 Nf6 19. Re1 Bd7 20. b4 Rc8 21. e4
Nxe4 22. Nxe4 fxe4 23. Rxe4 Qf7 24. Qe3 cxb4 25. Re7 Qxe7 26. Qxe7 Rc1+ 27. Bf1
Bh3 28. Qe8+ Kg7 29. Qe7+ Kg8 1/2-1/2

[Event "8. Wunsiedel Schach-Festival Meisterturn"]
[Site "Wunsiedel"]
[Date "2014.05.30"]
[Round "3.14"]
[White "Barthel, Tilman"]
[Black "Strutinskaya, Galina"]
[Result "0-1"]
[WhiteElo "2084"]
[BlackElo "2296"]
[PlyCount "82"]
[EventDate "2014.05.29"]

1. e4 c5 2. Nf3 d6 3. d4 Nf6 4. Nc3 cxd4 5. Nxd4 a6 6. h3 Nc6 7. g4 g6 8. Bg2
Nd7 9. Bg5 Bg7 10. Nde2 Nde5 11. a3 Bd7 12. Nd5 h6 13. Bh4 Nc4 14. b3 g5 15.
bxc4 gxh4 16. c3 Na5 17. Rb1 b5 18. cxb5 e6 19. Ne3 Bxb5 20. O-O O-O 21. e5
dxe5 22. Qc2 Rc8 23. Rfd1 Qg5 24. a4 Bc6 25. Rb6 Bxg2 26. Kxg2 Rc6 27. Rxc6
Nxc6 28. Rd6 Rc8 29. Qe4 Ne7 30. Qb7 h5 31. Rd7 Re8 32. Qxa6 hxg4 33. hxg4 Nf5
34. Rd3 Nxe3+ 35. Rxe3 Qxg4+ 36. Kf1 Rd8 37. Rd3 Rxd3 38. Qxd3 Qxa4 39. Qh3
Qd1+ 40. Kg2 Qxe2 41. Qxh4 Qd3 0-1